000 00279nam a22001337a 4500
008 170502b xxu||||| |||| 00| 0 eng d
020 _a9781593453039
041 _aeng
080 _a343.9
100 _a13
101 _aSHJ
245 _aCYBERCTIME
_cMOORE.R
942 _2udc
_cBK
999 _c12320
_d12320